logo

Bir Sreshtho Munshi Abdur Rouf Library
Jhenaidah Cadet College

Physical education in the modern elementary school / (Record no. 8269)

MARC details
000 -LEADER
fixed length control field 00757cam a22002531 4500
001 - CONTROL NUMBER
JCCL Control Number 8269
003 - CONTROL NUMBER IDENTIFIER
JCCL marc code BD-JhCC
005 - DATE AND TIME OF LATEST TRANSACTION
control field 20180718194002.0
008 - FIXED-LENGTH DATA ELEMENTS--GENERAL INFORMATION
fixed length control field 721109s1958 nyua 000 0 eng
035 ## - SYSTEM CONTROL NUMBER
system control number (BD-JhCC)8269
035 ## - SYSTEM CONTROL NUMBER
system control number (OCoLC)490748
040 ## - CATALOGING SOURCE
Original cataloging agency DLC
Transcribing agency ODaWU
Modifying agency NBrockU
-- Uk
-- DLC
-- BD-JhCC
041 ## - LANGUAGE CODE
Language code of Book eng
050 00 - LIBRARY OF CONGRESS CALL NUMBER
Classification number GV443
Item number .B8
082 ## - DEWEY DECIMAL CLASSIFICATION NUMBER
Classification number 371.7322
Author mark and Year BUC 1958
100 1# - MAIN ENTRY--PERSONAL NAME
Personal name Bucher, Charles Augustus,
Dates associated with a name 1912-
245 10 - TITLE STATEMENT
Title Physical education in the modern elementary school /
Statement of responsibility, etc by Charles A. Bucher and Evelyn M. Reade.
260 ## - PUBLICATION, DISTRIBUTION, ETC. (IMPRINT)
Place of publication, distribution, etc New York,
Name of publisher, distributor, etc Macmillan
Date of publication, distribution, etc [1958]
300 ## - PHYSICAL DESCRIPTION
Pagination 437 p.
Other physical details illus.
Dimensions 22 cm.
650 #0 - SUBJECT ADDED ENTRY--TOPICAL TERM
Topical term or geographic name as entry element Physical education for children.
700 1# - ADDED ENTRY--PERSONAL NAME
Personal name Reade, Evelyn M.,
942 ## - ADDED ENTRY ELEMENTS (KOHA)
Source of classification or shelving scheme Dewey Decimal Classification
Koha item type Books
Holdings
Source of classification or shelving scheme Damaged status Not for loan Home library Current library Shelving location Total Checkouts Full call number Barcode Date last seen Copy number Koha item type
Dewey Decimal Classification     JCC Rouf Library JCC Rouf Library General Stacks   371.7322 BUC 1958 10827 02/20/2018 C - 1 Books

JCC Library | Contacts | JCC Home

Last Update on 23 September 2017
Copyright @ 2017-2020 JCC Rouf Library
Rouf Library, Jhenidah Cadet College (JCC), Bangladesh